|
|
|
|
| LEADER |
01338nam a2200265 a 4500 |
| 001 |
26964 |
| 008 |
130513s1992 enka b 101 0 eng d |
| 010 |
|
|
|a 92003236
|
| 020 |
|
|
|a 0750611901
|
| 040 |
|
|
|a DLC
|c DLC
|d DLC
|d BD-DhAAL
|
| 082 |
0 |
0 |
|a 333.7/14/091724
|2 20
|
| 245 |
0 |
0 |
|a Environmental impact assessment for developing countries /
|c edited by Asit K. Biswas and S.B.C. Agarwal ; sponsored by Pollution Control Research Institute ... [et al.].
|
| 260 |
|
|
|a Oxford ;
|a Boston :
|b Butterworth-Heinemann,
|c c1992.
|
| 300 |
|
|
|a ix, 249 p. :
|b ill. ;
|c 24 cm.
|
| 500 |
|
|
|a Based on selected papers presented at an International Conference on Environmental Impact Assessment, held at New Delhi, India in 1991.
|
| 504 |
|
|
|a Includes bibliographical references and index.
|
| 541 |
1 |
|
|e 26964
|
| 650 |
|
0 |
|a Environmental impact analysis
|z Developing countries
|x Congresses.
|
| 700 |
1 |
|
|a Biswas, Asit K.
|
| 700 |
1 |
|
|a Agarwal, S. B. C.
|
| 710 |
2 |
|
|a Pollution Control Research Institute (Hardwar, India)
|
| 711 |
2 |
|
|a International Conference on Environmental Impact Assessment
|d (1991 :
|c New Delhi, India)
|
| 852 |
1 |
|
|a Ayesha Abed Library
|j General Shelf.
|
| 999 |
|
|
|c 13452
|d 13452
|
| 952 |
|
|
|0 0
|1 0
|2 ddc
|4 0
|6 333_714091724000000_ENV
|7 0
|9 22387
|a BRACUL
|b BRACUL
|c GEN
|d 2013-05-19
|e VC of BRACU
|l 0
|o 333.714091724 ENV
|p 3010026964
|r 2013-05-19
|t 1
|w 2013-05-19
|y BK
|